000
00263nam a2200109Ia 4500
008
220216s9999 xx 000 0 und d
100
_a
Jacob C K
245
0
_a
Rogangal moolamulla vilanashtam ozhivakkan
260
_b
Rubber
_c
2009
300
_a
9-Jul
942
_c
ML
999
_c
72872
_d
72872